La aventura de la cooperación /
Guardado en:
| Autor Principal: | |
|---|---|
| Otros Autores: | , |
| Formato: | Libro |
| Publicado: |
Rosario :
Alcecoop,
1984
|
| Materias: | |
| Etiquetas: |
Agregar Etiqueta
Sin Etiquetas, Sea el primero en etiquetar este registro!
|
| LEADER | 00484nam a22001815a 4500 | ||
|---|---|---|---|
| 001 | CEM.cems001045 | ||
| 005 | 20060213000000.0 | ||
| 008 | 130507s1984##################000#0#####d | ||
| 003 | CEMS | ||
| 082 | 0 | 4 | |a 334 |
| 100 | 1 | |a Bianco, Augusto | |
| 245 | 1 | 0 | |a La aventura de la cooperación / |
| 260 | |a Rosario : |b Alcecoop, |c 1984 | ||
| 300 | |a 45 p. | ||
| 653 | |a Cooperativismo | ||
| 700 | 1 | |a Zalcman, Elias | |
| 700 | 1 | |a Goldberg, Mirta | |
| 859 | |a CEMS |b BIB. CEMS - 11 de abril |h 334 |i B47 |p 16757.92 |t Ej.1 | ||
